<?xml version="1.0" encoding="UTF-8"?>
<collection xmlns="http://www.loc.gov/MARC21/slim">
 <record>
  <leader>06179nam a22005175a 4500</leader>
  <controlfield tag="001">CEM.cems024980</controlfield>
  <controlfield tag="008">251110s2015####ag############000#0#und#d</controlfield>
  <controlfield tag="005">20251110161652.0</controlfield>
  <datafield tag="245" ind1="1" ind2="0">
   <subfield code="a">Lengua y Literatura I :</subfield>
   <subfield code="b">Prácticas del lengueja /</subfield>
   <subfield code="c">Coordinado por Pamela Archanco.</subfield>
  </datafield>
  <datafield tag="250" ind1=" " ind2=" ">
   <subfield code="a">1a ed.</subfield>
  </datafield>
  <datafield tag="260" ind1=" " ind2=" ">
   <subfield code="a">Buenos Aires :</subfield>
   <subfield code="b">Tinta Fresca,</subfield>
   <subfield code="c">2015.</subfield>
  </datafield>
  <datafield tag="300" ind1=" " ind2=" ">
   <subfield code="a">192 p.</subfield>
  </datafield>
  <datafield tag="490" ind1="1" ind2=" ">
   <subfield code="a">Nuevas miradas</subfield>
  </datafield>
  <datafield tag="505" ind1="0" ind2=" ">
   <subfield code="a">CAPÍTULO 1: El cuento maravilloso -- Seis que triunfan en todo / Jacob y Wilhelm Grimm -- Componentes del cuento maravilloso: narración, origen, secuencia narrativa y estructura canónica del cuento -- El mercaer que era hermano de dos perros / Ariela Kreimer (adaptadora) -- Analizar un cuento maravilloso: autor y narrador, vocabulario y personajes de cuento -- Escribir un cuento maravilloso: uso de mayúsculas, tiempos verbales, conectores temporales, usos de punto y coma -- Sobre el tema: características principales y personajes -- CAPÍTULO 2: la comunicación y las tramas textuales -- La actitud del hablante -- Clasificación de las tramas textuales -- Funciones del lenguaje - Escribir textos con distintas tramas - La coherencia textual -- CAPÍTULO 3:Mitos y leyendas -- Teseo, héroe de Atenas / Ariela Kreimer (adaptadora) -- Comprender los mitos: vocabulario y diccionario -- Cómo son los mitos: personajes, diálogos -- Umiko, la hija el mar / Ariela Kreimer (adaptadora) -- Analizar una leyenda: el antagonista, personajes fabulosos, vocabulario y diccionario -- Escribir una leyenda: cohesión léxica, hiperonimia, uso de puntos suspensivos -- Sobre el tema en mitos y leyendas -- CAPÍTULO 4: Los textos expositivos -- Las revistas de divulgación -- El paratexto -- Características de un texto expositivo -- La estructura -- Analizar un texto expositivo -- Escribir un texto expositivo -- Los paréntesis -- Los conectores lógicos -- La cohesión gramatical -- Recursos del texto expositivo - CAPÍTULO 5: La poesía -- Romance del Conde Niño -- Desmayarse, atreverse... / Félix Lope de Vega y Carpio -- Procedimiento de Antoñito el Camborio en el camino de Sevilla / Federico García Lorca -- V / José Martí -- El encanto de la tierra / Leopoldo Lugones -- Comprender los textos poéticos -- Cómo es la poesía: recursos poéticos, la voz del poema, versos y estrofas, ritmo -- Corazón libre / Rafael Amor -- La flor azul / Mario Arnedo Gallo -- Payada del Moreno y Martín Fierro / José Hernández -- Analizar poemas y canciones -- La payada -- Las variedades lingüísticas -- Escribir un texto poético -- Características del texto poético -- Poesía tradicional y de autor -- Los romances -- CAPÍTULO 6: Los textos prescriptivos -- Las instrucciones -- El orden de los textos prescriptivos -- Sobre las conductas indecorosas en la mesa de mi señor / Leonardo da Vinci -- Analizar un texto prescriptivo -- Escribir un texto prescriptivo -- Acentuación de pronombres -- El uso de pronombres personales -- Conectores de exposición u orden -- Textos normativos e instructivos -- ¿Qué es una ley -- CAPÍTULO 7: El cuento de terror -- Marilin se ramifica / Silvia Schujer -- Comprender los cuentos de terror: vocabulario y diccionario -- Cómo son los cuentos de terror: narrador, punto de vista y relatos de terror -- Esta casa es un sueño / Nicolás Schuff -- Analizar un cuento de terror: la descripción, los recursos expresivos, personajes y recursos para el terror -- Escribir un cuento de terror -- Los coordinantes -- El pretérito pluscuamperfecto -- Conectores lógicos y temporales -- Sobre el tema: el miedo y la ignorancia, lo desconocido -- Lograr el efecto -- La publicidad -- CAPÍTULO 8: El texto teatral -- Prohibido suicidarse en primavera (fragmento) / Alejandro Casona -- Comprender los textos teatrales -- Cómo son los textos teatrales: estructura de la obra, personajes y conflicto, la representación -- Analizar un texto teatral -- Escribir un texto teatral -- Los dos puntos -- Estilo directo e indirecto -- Sobre el tema: el texto teatral: estructura y puesta en escena -- CAPÍTULO 9: La novela policial -- &quot;Capítulo 3: El misterio del jarín Lauriston&quot;. Estudio en escarlata / Arthur Conan Doyle -- Comprender la novela policial -- Cómo son los relatos policiales. El narrador -- &quot;Capítulo 6: Tobías Gregson muestra lo que sabe hacer&quot;. Estudio en escarlata / Arthur Conan Doyle -- Analizar una novela policial -- Los recursos de la narración: el suspenso -- Historia del crimen e historia de la investigación -- El detective y su ayudante -- Escribir un relato policial -- Pronombres enfáticos -- Formación de palabras -- Sobre el tema: los relatos policiales -- Personajes -- ANTOLOGÍA -- Flores / Jorge Accame -- Corazón / Juan Matías Loiseau (&quot;Tute&quot;) -- La leyenda del arco iris / Pamela Archanco -- A qué le llaman distancia (o Distancia) / Atahualpa Yupanqui -- Siete vidas / Alfonsina Storni -- Serenata para la tierra de uno / María Elena Walsh -- Confianza en el anteojo, no en el ojo / César Vallejo -- El triple robo de Bellamore / Horacio Quiroga</subfield>
  </datafield>
  <datafield tag="020" ind1=" " ind2=" ">
   <subfield code="a">9789875767621</subfield>
  </datafield>
  <datafield tag="100" ind1="1" ind2=" ">
   <subfield code="a">Archanco, Pamela; coord.</subfield>
  </datafield>
  <datafield tag="700" ind1="1" ind2=" ">
   <subfield code="a">Alonso, María.</subfield>
  </datafield>
  <datafield tag="700" ind1="1" ind2=" ">
   <subfield code="a">Braverman, Andrea.</subfield>
  </datafield>
  <datafield tag="700" ind1="1" ind2=" ">
   <subfield code="a">García Fernández, Marisa.</subfield>
  </datafield>
  <datafield tag="700" ind1="1" ind2=" ">
   <subfield code="a">Kreimer, Ariela.</subfield>
  </datafield>
  <datafield tag="700" ind1="1" ind2=" ">
   <subfield code="a">Stagnaro, Daniela.</subfield>
  </datafield>
  <datafield tag="700" ind1="1" ind2=" ">
   <subfield code="a">Hermanos Grimm.</subfield>
  </datafield>
  <datafield tag="700" ind1="1" ind2=" ">
   <subfield code="a">Kreimer, Ariela.</subfield>
  </datafield>
  <datafield tag="700" ind1="1" ind2=" ">
   <subfield code="a">Lope de Vega, Félix.</subfield>
  </datafield>
  <datafield tag="700" ind1="1" ind2=" ">
   <subfield code="a">García Lorca, Federico.</subfield>
  </datafield>
  <datafield tag="700" ind1="1" ind2=" ">
   <subfield code="a">Martí, José.</subfield>
  </datafield>
  <datafield tag="700" ind1="1" ind2=" ">
   <subfield code="a">Lugones, Leopoldo.</subfield>
  </datafield>
  <datafield tag="700" ind1="1" ind2=" ">
   <subfield code="a">Amor, Rafael.</subfield>
  </datafield>
  <datafield tag="700" ind1="1" ind2=" ">
   <subfield code="a">Arnedo Gallo, Mario.</subfield>
  </datafield>
  <datafield tag="700" ind1="1" ind2=" ">
   <subfield code="a">Hernández, José.</subfield>
  </datafield>
  <datafield tag="700" ind1="1" ind2=" ">
   <subfield code="a">da Vinci, Leonardo.</subfield>
  </datafield>
  <datafield tag="700" ind1="1" ind2=" ">
   <subfield code="a">Schujer, Silvia.</subfield>
  </datafield>
  <datafield tag="700" ind1="1" ind2=" ">
   <subfield code="a">Schuff, Nicolás.</subfield>
  </datafield>
  <datafield tag="700" ind1="1" ind2=" ">
   <subfield code="a">Casona, Alejandro.</subfield>
  </datafield>
  <datafield tag="700" ind1="1" ind2=" ">
   <subfield code="a">Doyle, Arthur Conan.</subfield>
  </datafield>
  <datafield tag="700" ind1="1" ind2=" ">
   <subfield code="a">Accame, Jorge.</subfield>
  </datafield>
  <datafield tag="700" ind1="1" ind2=" ">
   <subfield code="a">Tute.</subfield>
  </datafield>
  <datafield tag="700" ind1="1" ind2=" ">
   <subfield code="a">Yupanqui, Atahualpa.</subfield>
  </datafield>
  <datafield tag="700" ind1="1" ind2=" ">
   <subfield code="a">Storni, Alfonsina.</subfield>
  </datafield>
  <datafield tag="700" ind1="1" ind2=" ">
   <subfield code="a">Walsh, María Elena.</subfield>
  </datafield>
  <datafield tag="700" ind1="1" ind2=" ">
   <subfield code="a">Vallejo, César.</subfield>
  </datafield>
  <datafield tag="700" ind1="1" ind2=" ">
   <subfield code="a">Quiroga, Horacio.</subfield>
  </datafield>
  <datafield tag="653" ind1=" " ind2=" ">
   <subfield code="a">Prácticas del lenguaje</subfield>
  </datafield>
  <datafield tag="653" ind1=" " ind2=" ">
   <subfield code="a">Libros de texto</subfield>
  </datafield>
  <datafield tag="653" ind1=" " ind2=" ">
   <subfield code="a">Lengua y literatura</subfield>
  </datafield>
  <datafield tag="859" ind1=" " ind2=" ">
   <subfield code="a">CEMS</subfield>
   <subfield code="b">BIB. CEMS - 11 de abril</subfield>
   <subfield code="h">468</subfield>
   <subfield code="i">Ar26-1</subfield>
   <subfield code="p">30457.25</subfield>
   <subfield code="t">Ej.1</subfield>
  </datafield>
 </record>
</collection>
